00704nam a2200229 a 4500001001300000003000900013005001700022008004100039020002500080082001600105100001800121245004400139260004900183300000900232500003500241505002000276650002900296902000800325942000700333952011700340999001700457nice12345678IN_TiNIC20260116013957.0050524s1993 mica grp 000 0 eng  a0310915 c730.100a220.61bFEE aFee, Gordon D aHow to Read the Bible for All Its Worth aMichigan bZondervan Publishing House c1993 a265p aincludes index and biblioraphy2 aAppendix, Index aBible-Study and Teaching bSRS cBK 001040708StackRoom-aHMIbHMId2007-06-15g730.10l0o220.61 FEEp019288r2007-06-15v730.10w2005-05-24yBK c13343d13343